Island Flag-Shape Picture Quiz - Statistics

General Stats
  • This quiz has been taken 122 times
    119 since last reset
  • The average score is 12 of 16
Answer Stats
Picture Answer % Correct
Cuba
95%
Jamaica
93%
Taiwan
93%
Greenland
90%
Nauru
89%
Puerto Rico
87%
Sicily
82%
Bahrain
80%
Jersey
80%
Corsica
73%
Tasmania
72%
Aruba
69%
Niue
62%
Hokkaido
60%
Easter Island
44%
Ibiza
38%
No matching quizzes found
Score Distribution
Percent of People with Each Score
Percentile by Number Answered
Your Score History
You have not taken this quiz since the last reset